| 000 | 00356nam a2200145Ia 4500 | ||
|---|---|---|---|
| 008 | 230711s9999||||xx |||||||||||||| ||und|| | ||
| 041 | _aENG | ||
| 082 |
_a621 _bDO-T |
||
| 100 | _aDonaldson,Cyril | ||
| 245 | 0 | _aTool design | |
| 250 | _a3rd | ||
| 260 |
_c1976 _aNew Delhi _bTata McGraw Hill Education Limited |
||
| 650 | _aMechanical Engineering | ||
| 942 | _cBK | ||
| 999 |
_c930 _d930 |
||